Library Banner

Chaman e Aarzoo/ (Record no. 103200)

MARC details
000 -LEADER
fixed length control field 00377nam a22001457a 4500
005 - DATE AND TIME OF LATEST TRANSACTION
control field 20180214133010.0
008 - FIXED-LENGTH DATA ELEMENTS--GENERAL INFORMATION
fixed length control field 180214b xxu||||| |||| 00| 0 eng d
040 ## - CATALOGING SOURCE
Transcribing agency PK-LaUMT
082 ## - DEWEY DECIMAL CLASSIFICATION NUMBER
Classification number PKAC 070.44
Item number ASA-C
100 ## - MAIN ENTRY--PERSONAL NAME
Personal name Asad Gailani
245 ## - TITLE STATEMENT
Title Chaman e Aarzoo/
Statement of responsibility, etc Asad Gailani
260 ## - PUBLICATION, DISTRIBUTION, ETC. (IMPRINT)
Place of publication, distribution, etc لاہور:
Name of publisher, distributor, etc احباب پبلیکشنز
Date of publication, distribution, etc 1961
300 ## - PHYSICAL DESCRIPTION
Extent 224
942 ## - ADDED ENTRY ELEMENTS (KOHA)
Koha item type Books
Holdings
Withdrawn status Lost status Damaged status Home library Current library Date acquired Full call number Barcode Date last seen Price effective from Koha item type
      UMT Main Campus UMT Main Campus 2018-02-14 PKAC 070.44 ASA-C 119426 2018-02-14 2018-02-14 Books